| 000 | 00771nam a2200169 i 4500 | ||
|---|---|---|---|
| 001 | 153868 | ||
| 003 | ES-MaACL | ||
| 005 | 20250603181633.0 | ||
| 008 | 990630m18911894sp |||| | spa d | ||
| 245 | 0 | 0 |
_aNomenclátor de las ciudades, villas, lugares, aldeas y demás entidades de población de España en 1 de enero de 1888 / _cformado por la Dirección General del Instituto Geográfico y Estadístico. |
| 260 |
_aMadrid : _b[s.n.], _c1891 ( _fImp. de la Dirección General del Instituto Geográfico y Estadístico) |
||
| 300 |
_a5 v. ; _c40 cm. |
||
| 651 | 7 |
_aEspaña- _xNomencladores _2 _9165997 |
|
| 710 | 2 |
_aInstituto Geográfico y Estadístico (España) _93892 |
|
| 852 |
_aES-MaACL _jG-4406-10 _z- Enc. hol., conservando cub. original |
||
| 999 |
_c153868 _d153868 |
||